| Tag |
First Indicator |
Second Indicator |
Subfields |
| LEADER |
00000cam a22000001a 4500 |
| 001 |
in00003216413 |
| 006 |
m d f |
| 007 |
cr bn mmmapmmp |
| 008 |
091020s1988 dcua o f000 0 eng d |
| 005 |
20260604205218.3 |
| 035 |
|
|
|a cis2007453286
|
| 040 |
|
|
|a UMI
|c UMI
|d UtOrBLW
|
| 043 |
|
|
|a n-us---
|
| 074 |
|
|
|a 1017-A, 1017-B (microfiche)
|
| 086 |
0 |
|
|a Y 4.F 76/1:Am 1/2
|
| 099 |
|
|
|a HRG-1987-FOA-0034
|
| 110 |
1 |
|
|a United States.
|b Congress.
|b House.
|b Committee on Foreign Affairs.
|b Subcommittee on International Operations.
|
| 245 |
1 |
0 |
|a Investigation of the U.S. ambassador to Switzerland :
|b hearing and staff report before the Subcommittee on International Operations of the Committee on Foreign Affairs, House of Representatives, One Hundredth Congress, first session, March 10, 1987.
|
| 264 |
|
1 |
|a Washington :
|b U.S. G.P.O.,
|c 1988.
|
| 300 |
|
|
|a 1 online resource.
|
| 336 |
|
|
|a text
|b txt
|2 rdacontent
|
| 337 |
|
|
|a computer
|b c
|2 rdamedia
|
| 338 |
|
|
|a online resource
|b cr
|2 rdacarrier
|
| 500 |
|
|
|a Record is based on bibliographic data in ProQuest Congressional Hearings Digital Collection. Reuse except for individual research requires license from ProQuest, LLC.
|
| 538 |
|
|
|a System requirements: PDF reader software.
|
| 500 |
|
|
|a Electronic resource.
|
| 600 |
1 |
0 |
|a Whittlesey, Faith Ryan.
|
| 610 |
1 |
0 |
|a United States.
|b Department of State
|x Officials and employees.
|
| 650 |
|
0 |
|a Ambassadors
|z United States.
|
| 650 |
|
0 |
|a Diplomatic and consular service
|z United States
|z Switzerland.
|
| 655 |
|
7 |
|a Electronic books.
|2 local
|
| 710 |
2 |
|
|a ProQuest (Firm)
|
| 776 |
0 |
8 |
|i Print version:
|a United States. Congress. House. Committee on Foreign Affairs. Subcommittee on International Operations.
|t Investigation of the U.S. ambassador to Switzerland
|w (OCoLC)17513196
|w gp 88008846
|
| 776 |
0 |
8 |
|i Microfiche version:
|a United States. Congress. House. Committee on Foreign Affairs. Subcommittee on International Operations.
|t Investigation of the U.S. ambassador to Switzerland.
|d [Bethesda, Md.] : ProQuest,[2004]
|o CIS 88 H381-17
|w (ProQuest)cis08800583
|
| 830 |
|
0 |
|a U.S. Congressional Hearings.
|
| 856 |
4 |
0 |
|u http://proxy.library.tamu.edu/login?url=https://congressional.proquest.com/congcomp/getdoc?HEARING-ID=HRG-1987-FOA-0034
|z Connect to the full text of this electronic book
|t 0
|
| 998 |
|
|
|a cis08800583
|
| 999 |
|
|
|a MARS
|
| 999 |
f |
f |
|s 2ec06f85-bcc2-34d8-ad86-14d059f35ece
|i ea552e13-de3a-3835-b871-83df293de3d0
|t 0
|
| 952 |
f |
f |
|a Texas A&M University
|b College Station
|c Electronic Resources
|s www_evans
|d Available Online
|t 0
|e HRG-1987-FOA-0034
|h Other scheme
|
| 998 |
f |
f |
|a HRG-1987-FOA-0034
|t 0
|l Available Online
|